[Event "2024 New Zealand Championship"]
[Site "Palmerston North NZL"]
[Date "2024.01.04"]
[Round "3.15"]
[White "Praveen, Jeeva"]
[Black "Young, Cohen"]
[Result "0-1"]
[WhiteElo "1640"]
[BlackElo "2099"]
[PlyCount "78"]
[EventDate "2024.01.02"]

1. e4 e6 2. d4 d5 3. Nc3 Nf6 4. Bg5 Bb4 5. f3 h6 6. Bxf6 Qxf6 7. Bd3 c5 8. Bb5+
Bd7 9. Bxd7+ Nxd7 10. Nge2 cxd4 11. Qxd4 Qxd4 12. Nxd4 Bxc3+ 13. bxc3 dxe4 14.
fxe4 Nf6 15. Nb5 Ke7 16. e5 Nd7 17. O-O Nxe5 18. Rae1 f6 19. Re4 Rhc8 20. Rb1
b6 21. Rb3 Rc4 22. Rd4 a6 23. Rxc4 Nxc4 24. Nd4 Rc8 25. Rb4 g6 26. a4 e5 27.
Ne2 f5 28. Kf2 g5 29. h3 Rc6 30. Kf3 Nd6 31. Ke3 f4+ 32. Kd3 e4+ 33. Kd4 Ke6
34. a5 b5 35. Nc1 Rc4+ 36. Rxc4 bxc4 37. Kc5 f3 38. gxf3 exf3 39. Kd4 f2 0-1